| 000 | 00846nam a2200181 a 4500 | ||
|---|---|---|---|
| 008 | 120210s2010 ||||||||||||||||| || u | ||
| 020 | _a9780521764544 | ||
| 050 | _aQA 279.5 Smi | ||
| 100 | _aSmith, Jim Q | ||
| 245 | 1 | 0 |
_aBayesian decision analysis: principles and practice _cby Jim Q. Smith |
| 260 |
_aCambridge: _bCambridge University Press _c2010 |
||
| 300 | _aix, 338p.: ill. | ||
| 350 | _a0.00 | ||
| 650 | 0 | _aMATHEMATICS--HANDBOOKS, MANUALS, ETC | |
| 650 | _aBAYESIAN STATISTICAL DECISION THEORY | ||
| 995 |
_FCBU-MAIN LIBRARY (Kitwe) _I0.00 _M2 _UAVAILABLE _WJun 25, 2012 _ZMain Library Open Access Collection |
||
| 995 |
_D0.00 _FCBU-MAIN LIBRARY (Kitwe) _H1 _I0.00 _M1 _UAVAILABLE _WApr 13, 2012 _ZMain Library Open Access Collection |
||
| 999 |
_c81047 _d81047 |
||